Normal view
MARC view
- PARR, G
Entry Personal Name
001 - CONTROL NUMBER
- control field: 77996
003 - CONTROL NUMBER IDENTIFIER
- control field: NUST
005 - DATE AND TIME OF LATEST TRANSACTION
- control field: 20210628210041.0
008 - FIXED-LENGTH DATA ELEMENTS
- fixed length control field: 210628|| aca||aabn | a|a d
040 ## - CATALOGING SOURCE
- Original cataloging agency: NUST
- Transcribing agency: NUST
100 ## - HEADING--PERSONAL NAME
- Personal name: PARR, G
670 ## - SOURCE DATA FOUND
- Source citation: Work cat.: (NUST): GODFERY, J. W 77995, THE TECHNICAL WRITER.AN AID TO THE PRESENTATION AND PRODUCTION OF TECHNICAL LITERATURE, 1960
